000 01040nam a22002537a 4500
005 20211124150801.0
008 211124b ||||| |||| 00| 0 eng d
020 _a8187966289
040 _cAL
041 _aeng
082 _223
_a359.790
_bPALR
100 _aPrabhakaran Paleri
_910819
245 _aRole of the Coast Guard in the Maritime Security of India
260 _aNew Delhi
_bKnowledge World
_c2004
300 _axii,377 p.
_bHB
_c24x16 cm.
365 _b650.00
_c
_d650.00
520 _aBook Summary of Role Of The Coast Guard In The Maritime Security Of India The coastguards have the capability to elevate the maritime standing of a littoral state in today's world, and also, to build international goodwill by cooperative engagement in humaritarian activities, and international law and treaty obligations.
650 _aSea Forces
_910820
650 _aNational Security
_910821
650 _aBlue Waters
_910822
650 _aIndian Coast Guard
_910823
700 _aPALERI (Prabhakarn)
_910824
942 _2ddc
_cGF
999 _c220764
_d220764